Logo BPK

Biblioteka

Politechniki Koszalińskiej

Fortran : (Rekord nr 27345)

Szczegóły MARC
000 -ETYKIETA REKORDU
podpole kontrolne o stałej długości 00435nam a2200169 i 4500
001 - NUMER KONTROLNY REKORDU
pole kontrolne bg
040 ## - ŹRÓDŁO KATALOGOWANIA
Instytucja, która utworzyła rekord BPK
041 ## - KOD JĘZYKA
Kod języka tekstu pol
008 - POLE O STAŁEJ DŁUGOŚCI - DANE KONTROLNE
podpole kontrolne o stałej długości s pl f |000 0 pol
100 1# - NAZWA OSOBOWA
Nazwa osobowa JAMES, Edward S.
245 #0 - TYTUŁ/ODPOWIEDZIALNOŚĆ
Tytuł Fortran :
Ciąg dalszy tytułu kurs programowania /
Pozostałe elementy strefy tytułu i oznaczenia odpowiedzialności Edward S. James, Fergus O'Brien, Peter Whitehead.
250 ## - STREFA WYDANIA
Oznaczenie wydania Wyd.2.
260 ## - STREFA ADRESU WYDAWNICZEGO
Miejsce wydania Warszawa,
Data publikacji, dystrybucji/powstania dokumentu 1976.
700 1# - HASŁO DODATKOWE - NAZWA OSOBOWA
Nazwa osobowa O'BRIEN, Fergus
700 1# - HASŁO DODATKOWE - NAZWA OSOBOWA
Nazwa osobowa WHITEHEAD, Peter
942 ## - DODATKOWE ELEMENTY (KOHA)
Typ dokumentu Książka
Egzemplarze
Wycofany Status egzemplarza Uszkodzony Dostępność Lokalizacja stała Lokalizacja bieżąca Miejsce przechowywania Sygnatura Kod kreskowy Ostatnio wypożyczono Typ dokumentu
      Dostępny Biblioteka Politechniki Koszalińskiej Biblioteka Politechniki Koszalińskiej Wypożyczalnia BG 20967 01694239 07.03.2016 Książka
© 2023 Biblioteka Politechniki Koszalińskiej :: KOHA